<?xml version="1.0" encoding="UTF-8"?>
<record
    xmlns:xsi="http://www.w3.org/2001/XMLSchema-instance"
    xsi:schemaLocation="http://www.loc.gov/MARC21/slim http://www.loc.gov/standards/marcxml/schema/MARC21slim.xsd"
    xmlns="http://www.loc.gov/MARC21/slim">

  <leader>00413nam a2200133Ia 4500</leader>
  <controlfield tag="008">210430s9999    xx            000 0 und d</controlfield>
  <datafield tag="020" ind1=" " ind2=" ">
    <subfield code="a">0-13-013851-7</subfield>
  </datafield>
  <datafield tag="082" ind1=" " ind2=" ">
    <subfield code="a">660 A415 N</subfield>
  </datafield>
  <datafield tag="100" ind1=" " ind2=" ">
    <subfield code="a">Alkis Constantinides, Navid Mostoufi</subfield>
    <subfield code="9">127637</subfield>
  </datafield>
  <datafield tag="245" ind1=" " ind2=" ">
    <subfield code="a">Numerical Methods for Chemical Engineers with Matlab Applications /</subfield>
    <subfield code="c">Alkis</subfield>
  </datafield>
  <datafield tag="260" ind1=" " ind2=" ">
    <subfield code="a">New Jersey</subfield>
    <subfield code="b">Prentice hall</subfield>
    <subfield code="c">1999</subfield>
  </datafield>
  <datafield tag="300" ind1=" " ind2=" ">
    <subfield code="a">543 p</subfield>
  </datafield>
  <datafield tag="942" ind1=" " ind2=" ">
    <subfield code="c">BK</subfield>
    <subfield code="2">ddc</subfield>
  </datafield>
  <datafield tag="999" ind1=" " ind2=" ">
    <subfield code="c">564555</subfield>
    <subfield code="d">564555</subfield>
  </datafield>
  <datafield tag="952" ind1=" " ind2=" ">
    <subfield code="0">0</subfield>
    <subfield code="1">0</subfield>
    <subfield code="4">0</subfield>
    <subfield code="7">0</subfield>
    <subfield code="8">NFIC</subfield>
    <subfield code="a">SCME</subfield>
    <subfield code="b">SCME</subfield>
    <subfield code="c">GEN</subfield>
    <subfield code="d">0005-05-14</subfield>
    <subfield code="l">0</subfield>
    <subfield code="o">660 A415 N</subfield>
    <subfield code="p">SCME-3773</subfield>
    <subfield code="r">2021-04-30</subfield>
    <subfield code="w">2021-04-30</subfield>
    <subfield code="y">BK</subfield>
  </datafield>
</record>
